| 000 | 00601nam a22001937a 4500 | ||
|---|---|---|---|
| 999 |
_c1326 _d1326 |
||
| 003 | OSt | ||
| 005 | 20210525102125.0 | ||
| 008 | 160121b xxu||||| |||| 00| 0 eng d | ||
| 020 | _a996684600-x | ||
| 040 |
_aMMU _beng _cMMU _dMMU |
||
| 050 |
_aBJ1012.O2 _b.O35 2009 |
||
| 100 |
_9467 _aOdhiambo, Ochieng F. |
||
| 245 |
_aFoundations of Ethics Acritical reader in moral and social Philosophy / _cF. Ochieng Odhiambo. |
||
| 260 |
_aNairobi : _bUniversity of Nairobi, _c2009. |
||
| 300 | _a207 p. : | ||
| 500 | _aIncludes index | ||
| 650 | 0 |
_asocial and moral philosophy _9468 |
|
| 942 |
_2lcc _cLOAN LOAN |
||